000 02047cam a2200505 4500
001 21878
003 VRT
005 20260313141744.0
008 230501s2021 xo a br 000 j slo
015 _aSNBA2022/02
020 _a9788055179346
_q(viazané)
035 _aurn:nbn:sk:snk-am00idtc
035 _aA87AC548-79A3-41E2-874C-E7054733188C
039 9 _a202305011903
_bVLOAD
_c202304281504
_dVLOAD
_c202304191051
_dcsnk01
_c202202221417
_dmsnk167
040 _aSNK
_bslo
_cSNK
_dSNK
_erda
041 1 _aslo
_hpol
044 _axo
_cSK
072 7 _a821.162.1
_xPoľská literatúra
_2konspekt
072 7 _a82-93
_xLiteratúra pre deti a mládež (beletria)
_2konspekt
080 _a821.162.1-32
_22011
080 _a82-93-053.4/.5
_22011
100 1 _aCholewińska-Szkolik, Aniela
_4aut
240 1 0 _aMisia i jej mali pacjenci: Świateczne opowieści
_lSlovensky
245 1 0 _aMiška a jej malí pacienti
_n10
_pVianočné príbehy
_cAniela Cholewińská-Szkoliková ; ilustrovala Agnieszka Filipowská ; z poľského originálu Misia i jej mali pacjenci: Świateczne opowieści ... preložila Silvia Kaščáková
246 3 0 _aVianočné príbehy
250 _aPrvé vydanie
264 1 _aBratislava
_bIkar, a.s. - Stonožka
_c2021
300 _a45 strán
_bfarebné ilustrácie
_c25 cm
336 _atext
_btxt
_2rdacontent
336 _astatický obraz
_bsti
_2rdacontent
337 _abez média
_bn
_2rdamedia
338 _azväzok
_bnc
_2rdacarrier
521 8 _aPre deti od 4 rokov
655 7 _apoľské príbehy
_2SNKPH
655 7 _aliteratúra pre deti
_2SNKPH
655 7 _aPolish stories
_2SNKPHeng
655 7 _aChildren's literature
_2SNKPHeng
700 1 _aFilipowska, Agnieszka
_4ill
700 1 _aKaščáková, Silvia,
_d1976-
_4trl
787 0 8 _iZo série:
_tMiška a jej malí pacienti
_g10
942 _2ddc
_cKLDE
_n0
949 _617A1478366
_asnkSC 185661/10
_bsnk2022/982
_o2146/2021
_s6100:20220318
949 _617A1478365
_asnkSC 185661/10 D1
_bsnk2022/983
_o2146/2021
999 _c21878
_d21878